000 00634nam a2200229Ia 4500
005 20250508163957.0
008 008 250505s9999 xx 000 0 eng d
020 _a81-7063-040-1
037 _aTextBook
040 _aFEDL
_beng
_cFEDL
041 _aeng
_2eng
084 _a510.7, MIG
_qFEDL
100 _aMiglani R K
245 0 _aTeaching of mathematics at elementary level
260 _aNew Delhi, India
_bArya Book Depot
_c2002
300 _a336p
365 _aINR
_b80
650 _aMathematics - Teaching
_9756825
700 _a Singh D P
_9776919
942 _cTB
_h510.7, MIG
999 _c1386392
_d1386392